NURSING THEORIES AND NURSING PRACTICE (Record no. 6865)
[ view plain ]
| 000 -LEADER | |
|---|---|
| fixed length control field | 00330nam a2200133Ia 4500 |
| 008 - FIXED-LENGTH DATA ELEMENTS--GENERAL INFORMATION | |
| fixed length control field | 150301s2009 xx 000 0 und d |
| 082 ## - DEWEY DECIMAL CLASSIFICATION NUMBER | |
| Classification number | 610.7 |
| Item number | N10P |
| 100 ## - MAIN ENTRY--PERSONAL NAME | |
| Personal name | PARKER, MARILYN |
| 245 ## - TITLE STATEMENT | |
| Title | NURSING THEORIES AND NURSING PRACTICE |
| 260 ## - PUBLICATION, DISTRIBUTION, ETC. (IMPRINT) | |
| Name of publisher, distributor, etc. | FA. DAVIS. |
| Date of publication, distribution, etc. | 2009 |
| 300 ## - PHYSICAL DESCRIPTION | |
| Extent | 477 |
| 650 ## - SUBJECT ADDED ENTRY--TOPICAL TERM | |
| Topical term or geographic name as entry element | NURSING PRACTICE |
| 942 ## - ADDED ENTRY ELEMENTS (KOHA) | |
| Source of classification or shelving scheme | Dewey Decimal Classification |
| Koha item type | Books |
| Withdrawn status | Lost status | Source of classification or shelving scheme | Damaged status | Not for loan | Collection code | Home library | Current library | Shelving location | Date acquired | Source of acquisition | Cost, normal purchase price | SGTU | Bill Number | Total Checkouts | Full call number | Barcode | Date last seen | Bill Date | Koha item type |
|---|---|---|---|---|---|---|---|---|---|---|---|---|---|---|---|---|---|---|---|
| Dewey Decimal Classification | NURSING | SGT Medical Library | SGT Medical Library | Text Book | 02/07/2015 | ABC DELHI | 495.00 | SGTU | 5533 | 610.7 N10P | FN2931 | 02/07/2015 | 25/03/2015 | Books |